Proyecto de conservación ordinaria de las carreteras provinciales y los caminos vecinales de la provincia de Barcelona, durante el plazo de diez años, aprobado por la Diputación en 23 de octubre de 1912
Descripción Física:
72 p., [6] f. pleg. ; 23 cm
MARC
| LEADER | 00000nam a2200000Ia 4500 | ||
|---|---|---|---|
| 001 | 8773 | ||
| 008 | 160829s1912 xx 000 0 cat d | ||
| 080 | |a C-2-67 | ||
| 110 | 1 | |a Barcelona (Catalunya : Província). |b Diputació |9 52408 | |
| 245 | |a Proyecto de conservación ordinaria de las carreteras provinciales y los caminos vecinales de la provincia de Barcelona, durante el plazo de diez años, aprobado por la Diputación en 23 de octubre de 1912 | ||
| 260 | |a Barcelona : |b (Imp. de Henrich y Cia.), |c 1912 | ||
| 300 | |a 72 p., [6] f. pleg. ; |c 23 cm | ||
| 650 | 0 | |a Carreteres |x Barcelona (Província) |x Manteniment i reparació |9 37124 | |
| 650 | 0 | |a Camins |z Barcelona (Província) |x Manteniment i reparació |9 37125 | |
| 901 | |a Arxiu | ||
| 942 | |n 1 | ||
| 952 | |0 0 |1 0 |4 0 |6 C267 |7 1 |9 47680 |a Arxiu |b Arxiu |d 2016-12-01 |l 0 |o C-2-67 |p 8773 |r 2016-12-01 00:00:00 |w 2016-12-01 |y ARXIU | ||
| 999 | |c 51479 |d 51479 | ||